000
00233 a2200109 4500
020
_a
9789367136881
100
_a
Mahak Mahajan
245
_a
NTA UGC NET Management Paper 2
250
_a
5th
260
_b
Pearson
_c
2025
942
_c
OO
999
_c
116215
_d
116214